000 00711nam a2200253Ia 4500
003 OSt
005 20221005042726.0
006 a|||||r|||| 00| 0
007 ta
008 221004b |||||||| |||| 00| 0 eng d
020 _a0822330210
024 _a79881
037 _cTextual
040 _aCRL
_cCRL
_beng
041 _2eng
_aeng
082 _aY15.1TH, P3
100 _aMohanty Chandra Talpade
245 0 _aFeminism without borders
_b Decolonizing theory, practicing solidarity
260 _aDurham
_bDuke University Press USA
_c2003
300 _a300p.
_ccm.
650 _aSOCIOLOGY
942 _hY15.1TH, P3
_cTEXL
_2cc
999 _c950759
_d950759